Tennis players with most weeks at No. 1 - Statistics

General Stats
  • This quiz has been taken 408 times
  • The average score is 13 of 18
Answer Stats
Hint Answer % Correct
302 Roger Federer
99%
141 Rafael Nadal
95%
123 Novak Djokovic
94%
286 Pete Sampras
91%
101 Andre Agassi
86%
170 John McEnroe
84%
109 Björn Borg
83%
268 Jimmy Connors
79%
270 Ivan Lendl
78%
12 Boris Becker
77%
80 Lleyton Hewitt
68%
72 Stefan Edberg
68%
13 Andy Roddick
62%
58 Jim Courier
58%
20 Mats Wilander
57%
9 Marat Safin
50%
40 Ilie Năstase
45%
43 Gustavo Kuerten
40%
No matching quizzes found
Score Distribution
Percent of People with Each Score
Percentile by Number Answered
Your Score History
You have not taken this quiz